Book of Filipino and foreign riddles / (Record no. 291714)
[ view plain ]
| 000 -LEADER | |
|---|---|
| fixed length control field | 00575nam a2200229Ia 4500 |
| 008 - FIXED-LENGTH DATA ELEMENTS--GENERAL INFORMATION | |
| fixed length control field | 160319s9999 xx 000 0 und d |
| 020 ## - INTERNATIONAL STANDARD BOOK NUMBER | |
| International Standard Book Number | 971-862-003-6 |
| 050 ## - LIBRARY OF CONGRESS CALL NUMBER | |
| Classification number | FIL GR 325 |
| 050 ## - LIBRARY OF CONGRESS CALL NUMBER | |
| Item number | .B38 1997 c.1 |
| 100 ## - MAIN ENTRY--PERSONAL NAME | |
| Personal name | Batubalani, A.M. |
| 245 ## - TITLE STATEMENT | |
| Title | Book of Filipino and foreign riddles / |
| 245 ## - TITLE STATEMENT | |
| Statement of responsibility, etc | A.M. Batubalani. |
| 250 ## - EDITION STATEMENT | |
| Edition statement | Student Edition |
| 260 ## - PUBLICATION, DISTRIBUTION, ETC. (IMPRINT) | |
| Place of publication, distribution, etc | Manila: |
| 260 ## - PUBLICATION, DISTRIBUTION, ETC. (IMPRINT) | |
| Name of publisher, distributor, etc | Loacan Pub.House, |
| 260 ## - PUBLICATION, DISTRIBUTION, ETC. (IMPRINT) | |
| Date of publication, distribution, etc | 1997 |
| 300 ## - PHYSICAL DESCRIPTION | |
| Extent | 84 pages : |
| 300 ## - PHYSICAL DESCRIPTION | |
| Other physical details | illustrations ; |
| 300 ## - PHYSICAL DESCRIPTION | |
| Dimensions | 20 cm. |
| 650 ## - SUBJECT ADDED ENTRY--TOPICAL TERM | |
| Topical term or geographic name as entry element | Riddles. |
| 650 ## - SUBJECT ADDED ENTRY--TOPICAL TERM | |
| General subdivision | Riddles, Philippines. |
| Withdrawn status | Lost status | Damaged status | Home library | Current library | Shelving location | Date acquired | Cost, normal purchase price | Total Checkouts | Full call number | Barcode | Date last seen | Price effective from | Koha item type |
|---|---|---|---|---|---|---|---|---|---|---|---|---|---|
| South Mansfield College | South Mansfield College | Filipiniana Section | 50.00 | FIL GR 325 .B38 1997 c.1 | SMC00154 | 03/19/2016 | 03/19/2016 |